[Event "Leverkusen op"]
[Site "Leverkusen"]
[Date "2004.04.19"]
[Round "8"]
[White "Lutfullin, Timour"]
[Black "Zuehlke, Ernst Wilhelm"]
[Result "1/2-1/2"]
[WhiteElo "1606"]
[BlackElo "1693"]
[PlyCount "80"]
[EventDate "2004.01.12"]
[EventType "swiss"]
[EventRounds "9"]
[EventCountry "GER"]
[SourceTitle "EXT 2006"]
[Source "ChessBase"]
[SourceDate "2005.11.24"]
[SourceVersion "1"]
[SourceVersionDate "2005.11.24"]
[SourceQuality "1"]

1. e4 e6 2. d4 d5 3. exd5 exd5 4. Nf3 Nf6 5. Bd3 Bd6 6. 0-0 0-0 7. h3 Be6 8. c3 Nbd7 9. Re1 c6 10. Nbd2 Qc7 11. Ng5 Rfe8 12. Ndf3 Nf8 13. Ne5 N6d7 14. Ngf3 f6 15. Nxd7 Bxd7 16. Be3 Re7 17. Qc2 Rae8 18. Nh4 g6 19. Bd2 a6 20. c4 dxc4 21. Bxc4+ Kg7 22. Rxe7+ Rxe7 23. Bc3 Qc8 24. Qd3 g5 25. Nf3 Bf5 26. Qd1 Ng6 27. d5 Ne5 28. Nxe5 Bxe5 29. Bxe5 Rxe5 30. d6 b5 31. Bb3 Qd7 32. Qd2 c5 33. Rd1 c4 34. Bc2 Be6 35. Qa5 Re2 36. Rd2 Rxd2 37. Qxd2 Qc6 38. f3 h6 39. Be4 Qd7 40. Kf2 Kf7 1/2-1/2

[Event "Leverkusen op"]
[Site "Leverkusen"]
[Date "2004.04.05"]
[Round "7"]
[White "Puetzkaul, Karl"]
[Black "Lutfullin, Timour"]
[Result "1/2-1/2"]
[WhiteElo "1835"]
[BlackElo "1606"]
[PlyCount "110"]
[EventDate "2004.01.12"]
[EventType "swiss"]
[EventRounds "9"]
[EventCountry "GER"]
[SourceTitle "EXT 2006"]
[Source "ChessBase"]
[SourceDate "2005.11.24"]
[SourceVersion "1"]
[SourceVersionDate "2005.11.24"]
[SourceQuality "1"]

1. Nf3 g6 2. d4 Bg7 3. g3 Nf6 4. c4 0-0 5. Bg2 d6 6. 0-0 Nbd7 7. Nc3 e5 8. e4 exd4 9. Nxd4 Ne5 10. b3 Nc6 11. Nce2 Re8 12. f3 Nxd4 13. Nxd4 Nd7 14. Rb1 Nc5 15. Bb2 Ne6 16. Nxe6 Bxe6 17. Bxg7 Kxg7 18. Qd4+ Qf6 19. Qd2 Qe5 20. Rbd1 f5 21. f4 Qc5+ 22. Qd4+ Qxd4+ 23. Rxd4 Rab8 24. Re1 Kf7 25. Kf2 Re7 26. e5 dxe5 27. Rxe5 c6 28. Re2 Rd7 29. Red2 Rbd8 30. Ke3 Ke7 31. Rxd7+ Rxd7 32. Rxd7+ Bxd7 33. Kd4 Kd6 34. c5+ Ke6 35. b4 Be8 36. Bf1 h6 37. Bc4+ Kf6 38. a3 g5 39. Bf1 Bh5 40. Bg2 Be2 41. Ke3 Bb5 42. Bf3 g4 43. Bd1 Bc4 44. Kd4 Bd5 45. a4 a6 46. b5 axb5 47. axb5 Ke6 48. b6 Kf6 49. Be2 Be6 50. Bf1 Bd7 51. h3 h5 52. Bg2 Ke6 53. hxg4 hxg4 54. Bf1 Kf6 55. Bd3 Be6 1/2-1/2

[Event "Leverkusen op"]
[Site "Leverkusen"]
[Date "2004.01.26"]
[Round "2"]
[White "Lutfullin, Timour"]
[Black "Roehlk, Kai"]
[Result "1/2-1/2"]
[WhiteElo "1606"]
[BlackElo "1806"]
[PlyCount "80"]
[EventDate "2004.01.12"]
[EventType "swiss"]
[EventRounds "9"]
[EventCountry "GER"]
[SourceTitle "EXT 2006"]
[Source "ChessBase"]
[SourceDate "2005.11.24"]
[SourceVersion "1"]
[SourceVersionDate "2005.11.24"]
[SourceQuality "1"]

1. e4 e6 2. d4 d5 3. exd5 exd5 4. Nf3 Bg4 5. h3 Bh5 6. Be2 Nc6 7. 0-0 Bd6 8. c3 Nge7 9. Be3 0-0 10. Nbd2 Nf5 11. Ne1 Bxe2 12. Qxe2 Nxe3 13. Qxe3 Re8 14. Qd3 Ne7 15. Nc2 Ng6 16. Rfe1 Qf6 17. Rxe8+ Rxe8 18. Re1 Rxe1+ 19. Nxe1 c6 20. Qe3 h6 21. Nd3 Kh7 22. Nf3 Qf5 23. g4 Qe4 24. Nd2 Qxe3 25. fxe3 Nf8 26. e4 Ne6 27. exd5 cxd5 28. Kf2 h5 29. Nf3 hxg4 30. hxg4 f6 31. b3 b5 32. b4 Kh6 33. Nc5 Ng5 34. Nxg5 Kxg5 35. Kf3 g6 36. Ne6+ Kh4 37. Nc5 Kg5 38. Ne6+ Kh4 39. Nc5 Kg5 40. Ne6+ Kh4 1/2-1/2